| 000 | 00709nam a2200193 i 4500 | ||
|---|---|---|---|
| 001 | 59422 | ||
| 003 | ES-MaACL | ||
| 005 | 20230906164029.0 | ||
| 007 | t| | ||
| 008 | 031029s1970 sp |||| | spa d | ||
| 245 | 0 | 0 |
_aEnsayos sobre la economía española a mediados del siglo XIX / _cpor Gabriel Tortellá Casares ... [et al.] ; coordinador, Pedro Schwartz Girón. |
| 260 |
_aMadrid : _bBanco de España, Servicio de Estudios, _c1970. |
||
| 300 |
_a399 p., 29 lám., 7 map. pleg. ; _c24 cm. |
||
| 651 | 4 |
_aEspaña- _xSituación económica- _yS.XIX. _98504 |
|
| 700 | 1 |
_aTortella Casares, Gabriel. _9111078 |
|
| 700 | 1 |
_aSchwartz, Pedro. _9104874 |
|
| 852 |
_aES-MaACL _jC-37981 |
||
| 852 |
_aES-MaACL _jE-5840 |
||
| 999 |
_c59422 _d59422 |
||